Generation Z : a Century in the Making /

Gespeichert in:
Bibliographische Detailangaben
Hauptverfasser: Seemiller, Corey (Verfasst von), Grace, Meghan (Verfasst von)
Format: Buch
Sprache:Englisch
Veröffentlicht: London Routledge 2019
Schlagworte:
Tags: Tag hinzufügen
Keine Tags, Fügen Sie das erste Tag hinzu!

MARC

LEADER 00000nam a22000003a 4500
001 0104103
003 SK-STU
005 20230815101648.8
007 ta
008 230815s ----xo-----e------000-0-----d
020 |a 978-1-138-33731-2 
040 |a STU  |b slo 
041 0 |a eng 
044 |a xxk 
100 1 |a Seemiller, Corey  |4 aut 
245 1 0 |a Generation Z :  |b a Century in the Making /  |c aut. Corey Seemiller, Meghan Grace 
260 |a London  |b Routledge  |c 2019 
300 |a 321 s. 
650 0 7 |a generácia Z 
650 0 7 |a sociológia mládeže 
700 1 |a Grace, Meghan  |4 aut 
996 |b 284M089397  |c M* 14780-1  |l MMKN  |s A  |a 24  |w 0104103_0001